[Event "Mecklenburg VP LL2 Ost 1819"]
[Site "Mecklenburg VP"]
[Date "2019.04.07"]
[Round "9.7"]
[White "Nickel, Udo"]
[Black "Jepp, Wolfgang"]
[Result "1/2-1/2"]
[WhiteElo "1604"]
[BlackElo "1574"]
[PlyCount "67"]
[EventDate "2018.10.21"]
[EventType "team-tourn"]
[EventRounds "9"]
[EventCountry "GER"]
[SourceTitle "EXT 2022"]
[Source "ChessBase"]
[SourceDate "2021.10.06"]
[SourceVersion "1"]
[SourceVersionDate "2021.10.06"]
[SourceQuality "1"]
[WhiteTeam "Waterkant Saal SV"]
[BlackTeam "Bergen Rugia"]
[WhiteTeamCountry "GER"]
[BlackTeamCountry "GER"]

1. d4 d5 2. Nf3 Nc6 3. c4 e6 4. Nc3 Nf6 5. Bg5 Be7 6. e3 0-0 7. a3 h6 8. Bh4 b6 9. cxd5 exd5 10. Qc2 Bb7 11. Bd3 Nh5 12. Bxe7 Nxe7 13. b4 a6 14. Qb3 Nf6 15. Ne5 b5 16. Rc1 Nd7 17. Nxd7 Qxd7 18. Ne2 c6 19. 0-0 a5 20. Ra1 axb4 21. axb4 Rfb8 22. Ng3 g6 23. Rfb1 Nc8 24. e4 dxe4 25. Rxa8 Rxa8 26. Bxe4 Kf8 27. Qc3 Kg8 28. Qc5 Qd6 29. Bf3 Qxc5 30. dxc5 Ne7 31. h3 Bc8 32. Rd1 Be6 33. Rd6 Rc8 34. Kf1 1/2-1/2

[Event "Mecklenburg VP LL2 Ost 1819"]
[Site "Mecklenburg VP"]
[Date "2019.01.20"]
[Round "5.7"]
[White "Jepp, Wolfgang"]
[Black "Claus, Jens"]
[Result "1-0"]
[WhiteElo "1574"]
[BlackElo "1566"]
[PlyCount "163"]
[EventDate "2018.10.21"]
[EventType "team-tourn"]
[EventRounds "9"]
[EventCountry "GER"]
[SourceTitle "EXT 2022"]
[Source "ChessBase"]
[SourceDate "2021.10.06"]
[SourceVersion "1"]
[SourceVersionDate "2021.10.06"]
[SourceQuality "1"]
[WhiteTeam "Bergen Rugia"]
[BlackTeam "Ribnitz Damgarten"]
[WhiteTeamCountry "GER"]
[BlackTeamCountry "GER"]

1. e4 e5 2. Bc4 Bc5 3. d4 exd4 4. Bxf7+ Kxf7 5. Qh5+ Kf8 6. Qxc5+ d6 7. Qxd4 Nc6 8. Qc3 Qe7 9. f3 Qh4+ 10. g3 Qf6 11. Be3 Bd7 12. Ne2 Rc8 13. 0-0 Bh3 14. Rf2 Qxc3 15. Nbxc3 Nf6 16. Nf4 Bd7 17. Rd1 a6 18. Nfd5 Nxd5 19. Nxd5 Kf7 20. Nc3 Rhf8 21. Kg2 Ne5 22. Bd4 Nc6 23. Be3 Ne5 24. b3 Bc6 25. h3 Kg8 26. Re1 b5 27. Ne2 Bb7 28. Nd4 Rfe8 29. Kh2 Nd7 30. Nf5 Nf6 31. g4 g6 32. Nh6+ Kf8 33. g5 Nd7 34. Ng4 Kg7 35. Kg3 Re6 36. Rh1 Kf7 37. h4 c5 38. h5 Nf8 39. Rfh2 Rc7 40. Nf6 Rxf6 41. gxf6 Kxf6 42. hxg6 hxg6 43. Bf4 Rd7 44. Re1 d5 45. e5+ Ke6 46. Rh8 Rf7 47. Bg5 d4 48. f4 Bd5 49. Bh6 Ke7 50. Bxf8+ Rxf8 51. Rxf8 Kxf8 52. Kg4 Be6+ 53. Kg5 Bf5 54. Re2 Ke7 55. Rh2 Ke6 56. Rd2 Kf7 57. a3 Ke7 58. Re2 c4 59. bxc4 bxc4 60. Rd2 d3 61. cxd3 cxd3 62. Kh4 Ke6 63. Rb2 a5 64. Rb6+ Ke7 65. Rd6 Be4 66. Kg3 Bf5 67. Kf2 a4 68. Ke3 Ke8 69. Rxd3 Bxd3 70. Kxd3 Ke7 71. Kc3 Ke6 72. Kb4 Kf5 73. Kxa4 Kxf4 74. e6 g5 75. e7 g4 76. e8Q g3 77. Qb8+ Kf3 78. Qxg3+ Kxg3 79. Kb5 Kf4 80. a4 Ke5 81. a5 Kd6 82. Kb6 1-0

[Event "MVP-ch Seniors op 18th"]
[Site "Ostseebad Binz"]
[Date "2018.12.04"]
[Round "7"]
[White "Jepp, Wolfgang"]
[Black "Nuenchert, Reinhard"]
[Result "0-1"]
[WhiteElo "1771"]
[BlackElo "1927"]
[PlyCount "56"]
[EventDate "2018.11.28"]
[EventType "swiss"]
[EventRounds "9"]
[EventCountry "GER"]
[SourceTitle "CBM 188 Extra"]
[Source "ChessBase"]
[SourceDate "2019.02.26"]
[SourceVersion "1"]
[SourceVersionDate "2019.02.26"]
[SourceQuality "1"]

1. e4 d6 2. d4 g6 3. Nf3 Bg7 4. Be2 Nf6 5. Nc3 0-0 6. 0-0 c6 7. e5 Nd5 8. Nxd5 cxd5 9. Bf4 dxe5 10. Bxe5 f6 11. Bxb8 Rxb8 12. c4 Be6 13. c5 Bf7 14. Qa4 a6 15. Rab1 Be8 16. Qb4 Bc6 17. Qd2 Qd7 18. h3 Rbe8 19. Rfe1 e6 20. Bf1 e5 21. b3 e4 22. Nh2 f5 23. f4 Qe7 24. Qe3 g5 25. g3 gxf4 26. gxf4 Qf6 27. Re2 Qxd4 28. Rd1 Qxd1 0-1

[Event "MVP-ch Seniors op 18th"]
[Site "Ostseebad Binz"]
[Date "2018.11.28"]
[Round "1"]
[White "Jepp, Wolfgang"]
[Black "Hubert, Peter"]
[Result "0-1"]
[WhiteElo "1771"]
[BlackElo "2063"]
[PlyCount "48"]
[EventDate "2018.11.28"]
[EventType "swiss"]
[EventRounds "9"]
[EventCountry "GER"]
[SourceTitle "CBM 188 Extra"]
[Source "ChessBase"]
[SourceDate "2019.02.26"]
[SourceVersion "1"]
[SourceVersionDate "2019.02.26"]
[SourceQuality "1"]

1. e4 c5 2. Nc3 Nc6 3. Nge2 e6 4. d4 cxd4 5. Nxd4 a6 6. Be2 d6 7. 0-0 Nf6 8. Be3 Be7 9. Qc1 0-0 10. Rd1 Qc7 11. f3 Bd7 12. Rd2 Na5 13. Qf1 Rac8 14. Nb3 b5 15. Nxa5 Qxa5 16. a3 Bc6 17. Qf2 Qc7 18. Na2 d5 19. Bb6 Qb7 20. e5 Nd7 21. Bd4 f6 22. exf6 Bxf6 23. Bxf6 Nxf6 24. Nb4 Ne4 0-1

[Event "Mecklenburg VP LL2 Ost 1617"]
[Site "Mecklenburg VP"]
[Date "2017.02.26"]
[Round "6.7"]
[White "Wurst, Oliver"]
[Black "Jepp, Wolfgang"]
[Result "1-0"]
[WhiteElo "1557"]
[BlackElo "1501"]
[PlyCount "113"]
[EventDate "2016.10.16"]
[EventType "team-tourn"]
[EventRounds "9"]
[EventCountry "GER"]
[SourceTitle "EXT 2022"]
[Source "ChessBase"]
[SourceDate "2021.10.06"]
[SourceVersion "1"]
[SourceVersionDate "2021.10.06"]
[SourceQuality "1"]
[WhiteTeam "Rostock SSC 07 III"]
[BlackTeam "Bergen Rugia"]
[WhiteTeamCountry "GER"]
[BlackTeamCountry "GER"]

1. d4 d5 2. Nf3 Nf6 3. c4 e6 4. Nc3 Nbd7 5. Bg5 Be7 6. e3 0-0 7. Qc2 c6 8. Bd3 dxc4 9. Bxc4 Nd5 10. Bxe7 Qxe7 11. 0-0 N7b6 12. Bb3 Bd7 13. Rac1 f6 14. Ne4 Be8 15. Nc5 Bf7 16. Rfe1 Rab8 17. a3 Rfe8 18. Qd2 Nd7 19. h3 Nxc5 20. Rxc5 Nb6 21. Rec1 Nd7 22. R5c3 Rbd8 23. Qe1 Kf8 24. Nd2 e5 25. Bxf7 Kxf7 26. Nf3 e4 27. Nd2 Nb6 28. Qd1 g6 29. Qb3+ Kg7 30. Qc2 Nd5 31. Rc5 f5 32. Re1 Nb6 33. Re5 Qf7 34. Rxe8 Rxe8 35. g3 Rd8 36. Qc3 Qd5 37. Nb3 Rd7 38. Nc5 Rf7 39. Rc1 g5 40. a4 h5 41. a5 Nc8 42. Qb4 Nd6 43. Qb3 Qxb3 44. Nxb3 a6 45. Nc5 Kf6 46. Kg2 Rg7 47. Rd1 f4 48. exf4 gxf4 49. d5 f3+ 50. Kh2 Rc7 51. b4 Kg6 52. Ne6 Rc8 53. dxc6 Nb5 54. cxb7 Rb8 55. Rd7 Re8 56. Nc7 Nxc7 57. Rxc7 1-0

[Event "MVP-ch Seniors op 15th"]
[Site "Binz"]
[Date "2015.12.01"]
[Round "8.52"]
[White "Jepp, Wolfgang"]
[Black "Merettig, Georg"]
[Result "0-1"]
[WhiteElo "1508"]
[BlackElo "1738"]
[PlyCount "66"]
[EventDate "2015.11.24"]
[EventType "swiss"]
[EventRounds "9"]
[EventCountry "GER"]
[SourceTitle "EXT 2017"]
[Source "ChessBase"]
[SourceDate "2016.10.25"]
[SourceVersion "1"]
[SourceVersionDate "2016.10.25"]
[SourceQuality "1"]

1. e4 Nc6 2. Nf3 b6 3. d4 e6 4. Nc3 Bb7 5. a3 Nce7 6. Bg5 f6 7. Be3 Ng6 8. Bc4 Nh6 9. h3 Be7 10. d5 e5 11. Qd3 a6 12. 0-0-0 b5 13. Bb3 b4 14. axb4 Bxb4 15. Qc4 Bd6 16. g3 Nf7 17. Kd2 a5 18. Ba4 0-0 19. Ra1 Ne7 20. Rhb1 f5 21. Ng5 f4 22. Nxf7 fxe3+ 23. Kxe3 Rxf7 24. Rf1 Qf8 25. Bb5 Bc5+ 26. Kd2 Rxf2+ 27. Rxf2 Qxf2+ 28. Ne2 Qe3+ 29. Kd1 Rf8 30. c3 d6 31. Kc2 Bb6 32. Rd1 Bc8 33. Rd3 Qxe2+ 0-1

[Event "MVP-ch Seniors op 15th"]
[Site "Binz"]
[Date "2015.11.27"]
[Round "4.60"]
[White "Jepp, Wolfgang"]
[Black "Wulf, Adalbert"]
[Result "1/2-1/2"]
[WhiteElo "1508"]
[BlackElo "1703"]
[PlyCount "82"]
[EventDate "2015.11.24"]
[EventType "swiss"]
[EventRounds "9"]
[EventCountry "GER"]
[SourceTitle "EXT 2017"]
[Source "ChessBase"]
[SourceDate "2016.10.25"]
[SourceVersion "1"]
[SourceVersionDate "2016.10.25"]
[SourceQuality "1"]

1. e4 e6 2. d4 Nf6 3. Bd3 d5 4. e5 Nfd7 5. Nf3 c5 6. c3 Nc6 7. 0-0 Qb6 8. Bc2 h6 9. Re1 c4 10. Nbd2 Qa5 11. Nf1 b5 12. Bd2 Qc7 13. Ng3 Nb6 14. a3 Bb7 15. h3 a5 16. Ne2 Be7 17. Nh2 0-0-0 18. f4 Kb8 19. Rf1 f5 20. Nf3 Rdg8 21. Qc1 Qd8 22. Kf2 g5 23. g4 fxg4 24. hxg4 gxf4 25. Rg1 Bh4+ 26. Kf1 Bg3 27. Bxf4 Bxf4 28. Nxf4 Qe8 29. Ke2 Bc8 30. Qe3 Nd8 31. Raf1 Nd7 32. Rf2 Nf8 33. Nh4 Rg7 34. Rfg2 Rb7 35. Nh5 b4 36. Nf6 Qe7 37. axb4 axb4 38. Ra1 b3 39. Bd1 Ra7 40. Rxa7 Qxa7 41. Qc1 Nf7 1/2-1/2

[Event "MVP-ch Seniors op 11th"]
[Site "Binz"]
[Date "2011.12.05"]
[Round "6.76"]
[White "Jepp, Wolfgang"]
[Black "Graffenberger, Marianne"]
[Result "1-0"]
[WhiteElo "1436"]
[BlackElo "1204"]
[PlyCount "77"]
[EventDate "2011.11.30"]
[EventType "swiss"]
[EventRounds "9"]
[EventCountry "GER"]
[SourceTitle "EXT 2013"]
[Source "ChessBase"]
[SourceDate "2012.11.22"]
[SourceVersion "1"]
[SourceVersionDate "2012.11.22"]
[SourceQuality "1"]

1. e4 e5 2. Bc4 Nf6 3. d4 Qe7 4. Qe2 d6 5. d5 g6 6. Nc3 Bg7 7. h3 Nbd7 8. b4 a6 9. a4 b6 10. Be3 0-0 11. Nf3 Bb7 12. 0-0 c5 13. dxc6 Bxc6 14. Bxa6 Nxe4 15. Nxe4 Bxe4 16. Nd2 Bxc2 17. Rfc1 e4 18. Ra2 Bd3 19. Bxd3 exd3 20. Qxd3 Qe6 21. Qb1 Rfc8 22. Rxc8+ Rxc8 23. Rc2 Rxc2 24. Qxc2 d5 25. Nf3 Qe7 26. b5 Qd6 27. Qc6 Qe6 28. Qc8+ Bf8 29. Nd4 Qe7 30. Nc6 Qe6 31. Nb8 Nxb8 32. Qxb8 Qd6 33. Qxb6 Qxb6 34. Bxb6 Bg7 35. a5 d4 36. Kf1 d3 37. Ke1 Bc3+ 38. Kd1 h5 39. a6 1-0

[Event "MVP-ch Seniors op 11th"]
[Site "Binz"]
[Date "2011.12.02"]
[Round "3.62"]
[White "Husser, Oskar"]
[Black "Jepp, Wolfgang"]
[Result "1-0"]
[WhiteElo "1680"]
[BlackElo "1436"]
[PlyCount "65"]
[EventDate "2011.11.30"]
[EventType "swiss"]
[EventRounds "9"]
[EventCountry "GER"]
[SourceTitle "EXT 2013"]
[Source "ChessBase"]
[SourceDate "2012.11.22"]
[SourceVersion "1"]
[SourceVersionDate "2012.11.22"]
[SourceQuality "1"]

1. Nf3 d5 2. g3 Nf6 3. Bg2 Nc6 4. 0-0 e5 5. d3 Be7 6. Nbd2 0-0 7. c4 d4 8. Ne1 Bd7 9. e3 Rb8 10. a3 Re8 11. b4 a6 12. Nb3 b5 13. exd4 Nxd4 14. Nxd4 exd4 15. c5 Be6 16. Bb2 Bd5 17. Bxd5 Nxd5 18. Bxd4 Nxb4 19. Bxg7 Kxg7 20. axb4 Qd4 21. Nc2 Qf6 22. d4 Red8 23. Re1 Rd5 24. Re3 Kf8 25. Qe2 Re8 26. f4 h5 27. Re5 Rxe5 28. dxe5 Qg6 29. Nd4 Rd8 30. Rd1 h4 31. Kg2 hxg3 32. hxg3 Kg7 33. f5 1-0

[Event "Mecklenburg VP-ch Seniors op 09th"]
[Site "Binz"]
[Date "2009.12.08"]
[Round "8.49"]
[White "Jepp, Wolfgang"]
[Black "Schulz, Hermann"]
[Result "1-0"]
[WhiteElo "1425"]
[BlackElo "1571"]
[PlyCount "75"]
[EventDate "2009.12.01"]
[EventType "swiss"]
[EventRounds "9"]
[EventCountry "GER"]
[SourceTitle "EXT 2022"]
[Source "ChessBase"]
[SourceDate "2021.10.06"]
[SourceVersion "1"]
[SourceVersionDate "2021.10.06"]
[SourceQuality "1"]

1. e4 c5 2. Nf3 d6 3. d4 cxd4 4. Nxd4 Nf6 5. Nc3 a6 6. Bg5 e6 7. Qd2 Be7 8. Be2 Bd7 9. 0-0 0-0 10. Nf3 Qc7 11. Rfc1 Bc6 12. Bd3 Nbd7 13. Qe2 Rac8 14. a3 Rfe8 15. Nd1 b5 16. b3 Qb7 17. Bxf6 Bxf6 18. Rab1 Nc5 19. Nd2 e5 20. f3 Ne6 21. g3 Bg5 22. c3 Nc5 23. Bc2 d5 24. Nf2 dxe4 25. Nfxe4 Nxe4 26. fxe4 Bxd2 27. Qxd2 Bxe4 28. Bxe4 Qxe4 29. Re1 Qc6 30. Re3 Rcd8 31. Qe1 f6 32. Rc1 Qb6 33. Qe2 Rd7 34. c4 bxc4 35. Rxc4 Red8 36. Rc2 Rd3 37. Kf2 Rxb3 38. Qc4+ 1-0

[Event "Rostock op"]
[Site "Rostock"]
[Date "2008.08.30"]
[Round "5"]
[White "Schreiber, Felix"]
[Black "Jepp, Wolfgang"]
[Result "0-1"]
[WhiteElo "1292"]
[BlackElo "1531"]
[PlyCount "117"]
[EventDate "2008.08.28"]
[EventType "swiss"]
[EventRounds "7"]
[EventCountry "GER"]
[SourceTitle "CBM 126 Extra"]
[Source "ChessBase"]
[SourceDate "2008.11.05"]
[SourceVersion "1"]
[SourceVersionDate "2008.11.05"]
[SourceQuality "1"]

1. d4 d5 2. Nf3 Nf6 3. Bf4 Nc6 4. e3 a6 5. Nbd2 b5 6. c3 Bb7 7. Be2 e6 8. 0-0 h6 9. h3 Bd6 10. Bxd6 Qxd6 11. Re1 0-0 12. Bd3 e5 13. dxe5 Nxe5 14. Nxe5 Qxe5 15. Qc2 c5 16. Be2 Rad8 17. Nb3 Qc7 18. Rad1 Rfe8 19. Bf3 Ne4 20. Nd2 Ng5 21. b3 Nxf3+ 22. Nxf3 Re6 23. Re2 Rf6 24. Red2 Qe7 25. Ne1 Re6 26. Kf1 Rf6 27. c4 bxc4 28. bxc4 Rfd6 29. cxd5 Rxd5 30. Rxd5 Rxd5 31. Rxd5 Bxd5 32. Nd3 Be4 33. f3 Bxd3+ 34. Qxd3 a5 35. e4 Qc7 36. a4 c4 37. Qc2 c3 38. Ke2 Qc4+ 39. Ke3 Kf8 40. h4 Ke7 41. g3 Ke6 42. f4 g6 43. g4 h5 44. g5 Qb4 45. e5 Qb2 46. Kd3 Qxc2+ 47. Kxc2 Kf5 48. Kxc3 Kxf4 49. Kd4 Kg4 50. e6 fxe6 51. Ke5 Kxh4 52. Kf6 e5 53. Kxg6 e4 54. Kf5 e3 55. g6 e2 56. g7 e1Q 57. g8Q Qf2+ 58. Ke4 Qe2+ 59. Kf4 0-1